| 000 | nam a22 a 4500 | ||
|---|---|---|---|
| 999 |
_c131400 _d131400 |
||
| 003 | BLK | ||
| 005 | 20230406030315.0 | ||
| 008 | 180409b bul|||||r ||||||| ||bul|| | ||
| 010 | _aKNG00137215000 | ||
| 040 | _aBLK | ||
| 041 |
_aBUL _cBUL |
||
| 080 |
_aРуска литература _b821.161.1 _x-32 _z821.161.1-32 |
||
| 100 | 1 |
_aАндреев, Леонид Николаевич _eпърви автор _9377244 |
|
| 139 |
_aАндреев, Леонид Николаевич и др. _bА 66 |
||
| 245 | 1 | 0 |
_aМълчание _bРазказ _cЛеонид Николаевич Андреев; * Максим Горки. |
| 245 | 1 | 0 |
_aВ степта _bРазказ _cМаксим Горки |
| 257 | _aRUS | ||
| 260 |
_bсп. Библиотека _c1903 _aСофия |
||
| 300 |
_a19 с., 20 с. _c20 см |
||
| 380 | _aX | ||
| 500 | _aПодв. към Адолф / Бенжамен Констан. 1903 със сигн. 11675 и инв. № 9971/58. | ||
| 700 | 1 |
_aГорки, Максим _d1868-1936 _gписател _qПешков, Алексей Максимович _e* _955187 |
|
| 852 |
_aЦб 11675 _bЦб |
||
| 856 | 4 | _qpdf | |
| 856 | 4 | _qpdf | |
| 942 |
_cKNG _n0 _s1 |
||
| 944 |
_aCR _c12.12.2012 _lф / 12.12.2012 _kЛюдмила_Стоянова |
||
| 944 |
_aED _c26.06.2013 _lф / 12.12.2012 |
||
| 999 | _d131400 | ||
| 999 | _d131400 | ||